[Event "Titled Tuesday intern op 01st Nov Early"]
[Site "Chess.com INT"]
[Date "2022.11.01"]
[Round "8"]
[White "Ibadov, Dashgyn"]
[Black "Vrbljanac, Aleksandar"]
[Result "1-0"]
[WhiteElo "2308"]
[BlackElo "2280"]
[PlyCount "34"]
[EventDate "2022.11.01"]
[EventType "swiss (blitz)"]
[EventRounds "11"]
[EventCountry "USA"]
[SourceTitle "EXT 2024"]
[Source "ChessBase"]
[SourceDate "2023.10.10"]
[SourceVersion "1"]
[SourceVersionDate "2023.10.10"]
[SourceQuality "1"]

1. d4 d5 2. c4 c6 3. Nf3 Nf6 4. Nc3 e6 5. e3 Nbd7 6. Qc2 Bd6 7. Bd3 dxc4 8. Bxc4 b5 9. Bd3 Bb7 10. 0-0 0-0 11. e4 e5 12. Bg5 a6 13. Rad1 Qe7 14. a3 h6 15. Bh4 Rad8 16. h3 Bb8 17. Rfe1 Rfe8 1-0

[Event "Titled Tuesday intern op 01st Nov Early"]
[Site "Chess.com INT"]
[Date "2022.11.01"]
[Round "2"]
[White "Vrbljanac, Aleksandar"]
[Black "Xiong, Jeffery"]
[Result "1-0"]
[WhiteElo "2280"]
[BlackElo "2692"]
[PlyCount "33"]
[EventDate "2022.11.01"]
[EventType "swiss (blitz)"]
[EventRounds "11"]
[EventCountry "USA"]
[SourceTitle "EXT 2024"]
[Source "ChessBase"]
[SourceDate "2023.10.10"]
[SourceVersion "1"]
[SourceVersionDate "2023.10.10"]
[SourceQuality "1"]

1. e4 c6 2. Nf3 d5 3. Nc3 dxe4 4. Nxe4 Nd7 5. Qe2 Qc7 6. d4 Ngf6 7. c3 g6 8. g3 Nxe4 9. Qxe4 Nf6 10. Qc2 Bf5 11. Qb3 Be4 12. Bg2 c5 13. dxc5 Qxc5 14. 0-0 Bg7 15. Be3 Qh5 16. Ng5 Bxg2 17. Qxf7+ 1-0

[Event "Titled Tuesday intern op 11th Oct Late"]
[Site "Chess.com INT"]
[Date "2022.10.11"]
[Round "5"]
[White "Ibarra Jerez, Jose Carlos"]
[Black "Vrbljanac, Aleksandar"]
[Result "1-0"]
[WhiteElo "2556"]
[BlackElo "2280"]
[PlyCount "129"]
[EventDate "2022.10.11"]
[EventType "swiss (blitz)"]
[EventRounds "11"]
[EventCountry "USA"]
[SourceTitle "EXT 2024"]
[Source "ChessBase"]
[SourceDate "2023.10.10"]
[SourceVersion "1"]
[SourceVersionDate "2023.10.10"]
[SourceQuality "1"]

1. e4 e5 2. Nf3 Nc6 3. d4 exd4 4. Nxd4 Nf6 5. Nxc6 bxc6 6. e5 Qe7 7. Qe2 Nd5 8. Nd2 g6 9. c4 Ba6 10. Nf3 Bg7 11. Bg5 Qb4+ 12. Qd2 Qxd2+ 13. Bxd2 Nb6 14. b3 0-0 15. 0-0-0 Rfe8 16. Bf4 Bb7 17. e6 fxe6 18. Bxc7 d5 19. Be5 Nd7 20. Bxg7 Kxg7 21. cxd5 cxd5 22. Bb5 Rac8+ 23. Kb2 Bc6 24. Nd4 Bxb5 25. Nxb5 Rc5 26. Nd6 Rf8 27. Rd2 a6 28. Re1 e5 29. Ne4 Ra5 30. Rc1 Nf6 31. Nc5 Kf7 32. Nb7 Rb5 33. Nd6+ Ke6 34. Nxb5 axb5 35. Rc6+ Kd7 36. Rb6 d4 37. f3 Nd5 38. Rxb5 Ke6 39. Rc2 Nc3 40. Rxc3 dxc3+ 41. Kxc3 Rc8+ 42. Kd3 Rd8+ 43. Ke3 Rc8 44. Kd3 Rd8+ 45. Ke4 Rd4+ 46. Ke3 Rd6 47. a4 Rc6 48. a5 Rc3+ 49. Ke4 Rc8 50. Rxe5+ Kd6 51. Rd5+ Kc6 52. Re5 Rb8 53. Re7 Rb4+ 54. Ke5 Rxb3 55. Rxh7 Rb5+ 56. Kf6 Rxa5 57. Kxg6 Ra2 58. g3 Kd5 59. f4 Ke4 60. f5 Ra6+ 61. f6 Kf3 62. Kg7 Kg4 63. f7 Ra7 64. Kg8 Kg5 65. f8Q 1-0

[Event "Titled Tuesday intern op 11th Oct Late"]
[Site "Chess.com INT"]
[Date "2022.10.11"]
[Round "7"]
[White "Mekhane, Adam"]
[Black "Vrbljanac, Aleksandar"]
[Result "0-1"]
[WhiteElo "2275"]
[BlackElo "2280"]
[PlyCount "84"]
[EventDate "2022.10.11"]
[EventType "swiss (blitz)"]
[EventRounds "11"]
[EventCountry "USA"]
[SourceTitle "EXT 2024"]
[Source "ChessBase"]
[SourceDate "2023.10.10"]
[SourceVersion "1"]
[SourceVersionDate "2023.10.10"]
[SourceQuality "1"]

1. e4 e5 2. Nf3 Nc6 3. Bb5 a6 4. Ba4 Nf6 5. 0-0 Be7 6. Bxc6 dxc6 7. d3 Bd6 8. Nbd2 0-0 9. Nc4 Re8 10. b3 b5 11. Ne3 g6 12. Bb2 Ng4 13. Qd2 Nxe3 14. Qxe3 Qe7 15. Rae1 c5 16. b4 cxb4 17. d4 f6 18. dxe5 fxe5 19. Nd2 c5 20. Qe2 Be6 21. f4 c4 22. Bxe5 Bxe5 23. fxe5 Qc5+ 24. Kh1 Qxe5 25. Nf3 Qc5 26. Rd1 Rad8 27. Rxd8 Rxd8 28. Rd1 Qc7 29. Rd4 Rxd4 30. Nxd4 Qe5 31. Qe3 Bd7 32. h3 a5 33. Nf3 Qd6 34. e5 Qd5 35. Nd4 a4 36. e6 Be8 37. Qf4 b3 38. e7 Qf7 39. Qxf7+ Kxf7 40. cxb3 cxb3 41. axb3 a3 42. Nc2 a2 0-1

[Event "Titled Tuesday intern op 30th Aug Late"]
[Site "Chess.com INT"]
[Date "2022.08.30"]
[Round "4"]
[White "Yanchenko, Roman"]
[Black "Vrbljanac, Aleksandar"]
[Result "1-0"]
[WhiteElo "2467"]
[BlackElo "2280"]
[PlyCount "31"]
[EventDate "2022.08.30"]
[EventType "swiss (blitz)"]
[EventRounds "11"]
[EventCountry "USA"]
[SourceTitle "EXT 2023"]
[Source "ChessBase"]
[SourceDate "2022.10.05"]
[SourceVersion "1"]
[SourceVersionDate "2022.10.05"]
[SourceQuality "1"]

1. d4 d5 2. c4 c6 3. Nc3 e6 4. Bf4 Nf6 5. e3 Nbd7 6. Nf3 Be7 7. Qc2 0-0 8. Rd1 h6 9. h3 Re8 10. a3 a6 11. b4 a5 12. c5 axb4 13. axb4 b6 14. b5 bxc5 15. bxc6 cxd4 16. c7 1-0

[Event "Titled Tuesday intern op 23rd Aug Early"]
[Site "Chess.com INT"]
[Date "2022.08.23"]
[Round "4"]
[White "Hoffmann, Asa"]
[Black "Vrbljanac, Aleksandar"]
[Result "1/2-1/2"]
[WhiteElo "2185"]
[BlackElo "2280"]
[PlyCount "111"]
[EventDate "2022.08.23"]
[EventType "swiss (blitz)"]
[EventRounds "11"]
[EventCountry "USA"]
[SourceTitle "EXT 2023"]
[Source "ChessBase"]
[SourceDate "2022.10.05"]
[SourceVersion "1"]
[SourceVersionDate "2022.10.05"]
[SourceQuality "1"]

1. d4 d5 2. Bg5 h6 3. Bh4 g5 4. Bg3 Bg7 5. e3 c5 6. c3 Nc6 7. Bd3 Qb6 8. Qb3 c4 9. Qxb6 axb6 10. Bc2 b5 11. e4 e6 12. Nd2 b4 13. Ne2 b5 14. 0-0 Nge7 15. Bd6 bxc3 16. bxc3 0-0 17. a3 Rd8 18. Bc5 Bd7 19. Rfb1 Rdb8 20. f4 Bf8 21. fxg5 hxg5 22. a4 Ng6 23. axb5 Rxa1 24. Rxa1 Rxb5 25. Bxf8 Nxf8 26. Rb1 Rxb1+ 27. Nxb1 Kg7 28. Nd2 Ng6 29. Kf2 Nge7 30. h3 f6 31. g3 Na7 32. Ke3 Nb5 33. Ba4 Bc6 34. Bxb5 Bxb5 35. h4 gxh4 36. gxh4 Kh6 37. Nf4 Bd7 38. Nf3 dxe4 39. Kxe4 Bc6+ 40. Ke3 Nf5+ 41. Kf2 Bxf3 42. Kxf3 e5 43. dxe5 fxe5 44. Ne6 Nxh4+ 45. Ke4 Ng6 46. Nd8 Kg5 47. Nc6 Kf6 48. Na5 Nf8 49. Nxc4 Nd7 50. Kd5 Kf5 51. Nd6+ Kf4 52. c4 Nb6+ 53. Kc5 Nxc4 54. Nxc4 e4 55. Kd5 e3 56. Nxe3 1/2-1/2

[Event "Titled Tuesday intern op 23rd Aug Early"]
[Site "Chess.com INT"]
[Date "2022.08.23"]
[Round "3"]
[White "Kvaloy, Aksel Bu"]
[Black "Vrbljanac, Aleksandar"]
[Result "1/2-1/2"]
[WhiteElo "2266"]
[BlackElo "2280"]
[PlyCount "79"]
[EventDate "2022.08.23"]
[EventType "swiss (blitz)"]
[EventRounds "11"]
[EventCountry "USA"]
[SourceTitle "EXT 2023"]
[Source "ChessBase"]
[SourceDate "2022.10.05"]
[SourceVersion "1"]
[SourceVersionDate "2022.10.05"]
[SourceQuality "1"]

1. e4 e5 2. Nf3 Nc6 3. Bb5 a6 4. Ba4 Nf6 5. 0-0 Be7 6. Re1 b5 7. Bb3 d6 8. c3 0-0 9. h3 Nb8 10. d4 Nbd7 11. c4 c6 12. Nc3 Bb7 13. a3 Re8 14. c5 exd4 15. cxd6 Bxd6 16. Qxd4 Ne5 17. Nxe5 Bxe5 18. Qxd8 Raxd8 19. Be3 Bxc3 20. bxc3 Nxe4 21. Bb6 Rc8 22. Re3 c5 23. Rae1 c4 24. Bc2 Nf6 25. Bd4 Rxe3 26. Rxe3 Nd5 27. Re5 f6 28. Re6 Kf7 29. Re1 g6 30. Be4 Bc6 31. Bxd5+ Bxd5 32. f3 f5 33. Kf2 Re8 34. Rxe8 Kxe8 35. Ke3 Kf7 36. Kf4 Ke6 37. Kg5 Kf7 38. Kf4 Ke6 39. Kg5 Kf7 40. Kf4 1/2-1/2

[Event "Titled Tuesday intern op 23rd Aug Early"]
[Site "Chess.com INT"]
[Date "2022.08.23"]
[Round "6"]
[White "Vrbljanac, Aleksandar"]
[Black "Ohanyan, Emin"]
[Result "0-1"]
[WhiteElo "2280"]
[BlackElo "2402"]
[PlyCount "80"]
[EventDate "2022.08.23"]
[EventType "swiss (blitz)"]
[EventRounds "11"]
[EventCountry "USA"]
[SourceTitle "EXT 2023"]
[Source "ChessBase"]
[SourceDate "2022.10.05"]
[SourceVersion "1"]
[SourceVersionDate "2022.10.05"]
[SourceQuality "1"]

1. e4 e5 2. Nf3 Nc6 3. Bc4 Nf6 4. d3 d5 5. exd5 Nxd5 6. 0-0 Bc5 7. Re1 Be6 8. Nbd2 f6 9. Ne4 Bb6 10. a4 a6 11. Bd2 0-0 12. a5 Ba7 13. c3 Bf7 14. Qb3 Rb8 15. h3 Nde7 16. Bxf7+ Rxf7 17. Qc4 Qd5 18. b4 Rd8 19. Rad1 Qxd3 20. Qb3 Qd5 21. c4 Qe6 22. b5 Nd4 23. Nxd4 Bxd4 24. Bb4 Ng6 25. Nc5 Qc8 26. bxa6 bxa6 27. Ne4 Nf4 28. Qg3 Kh8 29. Bd2 Ne6 30. Bc1 Rfd7 31. Kh2 Qb7 32. Qf3 Nc5 33. Rd2 Nxe4 34. Rxe4 Qb1 35. Ba3 Bc3 36. Rxd7 Rxd7 37. Qxc3 Qxe4 38. c5 Qf4+ 39. g3 Qxf2+ 40. Kh1 Qf1+ 0-1

[Event "Titled Tuesday intern op 16th Aug Early"]
[Site "Chess.com INT"]
[Date "2022.08.16"]
[Round "11"]
[White "Voege, Tobias"]
[Black "Vrbljanac, Aleksandar"]
[Result "0-1"]
[WhiteElo "2272"]
[BlackElo "2280"]
[PlyCount "80"]
[EventDate "2022.08.16"]
[EventType "swiss (blitz)"]
[EventRounds "11"]
[EventCountry "USA"]
[SourceTitle "EXT 2023"]
[Source "ChessBase"]
[SourceDate "2022.10.05"]
[SourceVersion "1"]
[SourceVersionDate "2022.10.05"]
[SourceQuality "1"]

1. e4 e5 2. Nf3 Nc6 3. d4 exd4 4. Nxd4 Nf6 5. Nc3 Bb4 6. Nxc6 bxc6 7. Bd3 0-0 8. 0-0 d5 9. exd5 cxd5 10. Bg5 c6 11. Qf3 h6 12. Bxf6 Qxf6 13. Qxf6 gxf6 14. Ne2 Bc5 15. Ng3 Rb8 16. Rab1 Re8 17. Nh5 Re6 18. b4 Rxb4 19. Rxb4 Bxb4 20. Bf5 Re8 21. Nxf6+ Kf8 22. Nxe8 Bxf5 23. Nc7 Bxc2 24. Rc1 Ba4 25. Na6 Bd2 26. Rb1 d4 27. Rb7 Bc3 28. Nc5 Bc2 29. Rd7 Ke8 30. Rd6 Ke7 31. Rxc6 Bb1 32. a4 Bb4 33. Nb3 d3 34. Rc4 a5 35. Rd4 Bc2 36. Kf1 Bxb3 37. f3 Bxa4 38. Kf2 d2 39. Ke3 d1Q 40. Rxd1 Bxd1 0-1

[Event "Titled Tuesday intern op 02nd Aug Late"]
[Site "Chess.com INT"]
[Date "2022.08.02"]
[Round "4"]
[White "Concio, Michael Jr"]
[Black "Vrbljanac, Aleksandar"]
[Result "0-1"]
[WhiteElo "2373"]
[BlackElo "2280"]
[PlyCount "72"]
[EventDate "2022.08.02"]
[EventType "swiss (blitz)"]
[EventRounds "11"]
[EventCountry "USA"]
[SourceTitle "EXT 2023"]
[Source "ChessBase"]
[SourceDate "2022.10.05"]
[SourceVersion "1"]
[SourceVersionDate "2022.10.05"]
[SourceQuality "1"]

1. e4 e5 2. Nf3 Nc6 3. Bc4 Nf6 4. Ng5 d5 5. exd5 Na5 6. Bb5+ c6 7. dxc6 bxc6 8. Bd3 Nd5 9. Nf3 Bd6 10. 0-0 0-0 11. c3 Nb7 12. Bc2 f5 13. d4 e4 14. Ne1 Qh4 15. g3 Qh3 16. Ng2 Nf6 17. Ne3 f4 18. Nd2 fxe3 19. fxe3 Bxg3 20. hxg3 Qxg3+ 21. Kh1 Qh3+ 22. Kg1 Qxe3+ 23. Rf2 Ng4 24. Nxe4 Nxf2 25. Bxe3 Nxd1 26. Rxd1 Bf5 27. Bb3+ Kh8 28. Ng5 Rae8 29. Re1 h6 30. Nf7+ Kh7 31. Ne5 c5 32. Ba4 Re6 33. Bb3 Re7 34. Nc6 Re4 35. d5 Rfe8 36. Kf2 Nd6 0-1

[Event "Titled Tuesday intern op 19th Jul Early"]
[Site "Chess.com INT"]
[Date "2022.07.19"]
[Round "2"]
[White "Vrbljanac, Aleksandar"]
[Black "Iliaguev, Nisim"]
[Result "0-1"]
[WhiteElo "2280"]
[BlackElo "2344"]
[PlyCount "106"]
[EventDate "2022.07.19"]
[EventType "swiss (blitz)"]
[EventRounds "11"]
[EventCountry "USA"]
[SourceTitle "EXT 2023"]
[Source "ChessBase"]
[SourceDate "2022.10.05"]
[SourceVersion "1"]
[SourceVersionDate "2022.10.05"]
[SourceQuality "1"]

1. e4 c6 2. Nf3 d5 3. Nc3 dxe4 4. Nxe4 Nf6 5. Qe2 Nxe4 6. Qxe4 Qa5 7. Bc4 Qf5 8. d3 Qxe4+ 9. dxe4 Nd7 10. Bf4 e6 11. 0-0-0 Nf6 12. Rhe1 Be7 13. h3 0-0 14. g4 a5 15. a4 Nd7 16. h4 Nc5 17. b3 b5 18. axb5 cxb5 19. Bxb5 Bb7 20. Rd4 f6 21. Bd6 Bxd6 22. Rxd6 Rfc8 23. Bc4 Kh8 24. Bxe6 Rc7 25. Red1 h5 26. Rd8+ Rxd8 27. Rxd8+ Kh7 28. Bg8+ Kg6 29. gxh5+ Kxh5 30. Bd5 Nxe4 31. Bxb7 Rxb7 32. Rd5+ Kg4 33. Ne1 Nxf2 34. Rxa5 Kxh4 35. Ra4+ Kg3 36. Kd2 g5 37. Rd4 f5 38. Rd5 Kg4 39. Ke2 Ne4 40. Ke3 Re7 41. Kd4 Nf6 42. Re5 Rd7+ 43. Kc3 Ne4+ 44. Kc4 Rd2 45. b4 Re2 46. Nd3 Rxc2+ 47. Kd4 Rd2 48. b5 Nf2 49. Re3 f4 50. Kc3 fxe3 51. Ne5+ Kf5 52. b6 Kxe5 53. b7 Rd8 0-1

[Event "Titled Tuesday intern op 05th Jul Late"]
[Site "Chess.com INT"]
[Date "2022.07.05"]
[Round "2"]
[White "Garcia Ramos, Daniel"]
[Black "Vrbljanac, Aleksandar"]
[Result "0-1"]
[WhiteElo "2438"]
[BlackElo "2280"]
[PlyCount "114"]
[EventDate "2022.07.05"]
[EventType "swiss (blitz)"]
[EventRounds "11"]
[EventCountry "USA"]
[SourceTitle "CBM 209 Extra"]
[Source "ChessBase"]
[SourceDate "2022.09.30"]
[SourceVersion "1"]
[SourceVersionDate "2022.09.30"]
[SourceQuality "1"]

1. e4 e5 2. Nf3 Nc6 3. Bc4 Nf6 4. d3 Bc5 5. 0-0 0-0 6. Re1 h6 7. c3 Re8 8. Nbd2 d5 9. exd5 Nxd5 10. a4 Nb6 11. Bb5 Bd6 12. a5 Nd7 13. a6 Rb8 14. Nc4 Qf6 15. h3 Nf8 16. Be3 Bd7 17. Qa4 Qg6 18. Kh1 Qh5 19. Ng1 Red8 20. axb7 Ne7 21. Bxd7 Nxd7 22. Nxd6 cxd6 23. Qxa7 Nd5 24. Nf3 Nxe3 25. Rxe3 Nc5 26. Qxb8 Rxb8 27. Ra8 Nd7 28. Re4 Qf5 29. Rc4 Kh7 30. Rxb8 Nxb8 31. Rc8 Na6 32. Ra8 Qd7 33. Rxa6 Qxb7 34. Rxd6 Qxb2 35. c4 Qc1+ 36. Kh2 Qf4+ 37. Kg1 e4 38. Rd4 Qc1+ 39. Kh2 exf3 40. gxf3 Qb2 41. Rf4 Qxf2+ 42. Kh1 Qf1+ 43. Kh2 Qxd3 44. Kg3 f6 45. Re4 Kg6 46. h4 h5 47. Rf4 Qd2 48. Re4 Qd6+ 49. Kg2 Qc5 50. Kh2 Kf7 51. Kg2 g5 52. hxg5 fxg5 53. Kg3 Kg6 54. Re6+ Kf5 55. Re4 h4+ 56. Kh3 Qg1 57. Rg4 Qh1# 0-1

[Event "Titled Tuesday intern op 05th Jul Late"]
[Site "Chess.com INT"]
[Date "2022.07.05"]
[Round "3"]
[White "Vrbljanac, Aleksandar"]
[Black "Souleidis, Georgios"]
[Result "1/2-1/2"]
[WhiteElo "2280"]
[BlackElo "2426"]
[PlyCount "148"]
[EventDate "2022.07.05"]
[EventType "swiss (blitz)"]
[EventRounds "11"]
[EventCountry "USA"]
[SourceTitle "CBM 209 Extra"]
[Source "ChessBase"]
[SourceDate "2022.09.30"]
[SourceVersion "1"]
[SourceVersionDate "2022.09.30"]
[SourceQuality "1"]

1. e4 c6 2. Nf3 d5 3. Nc3 dxe4 4. Nxe4 Nf6 5. Qe2 Nxe4 6. Qxe4 Nd7 7. Bc4 Nf6 8. Ne5 e6 9. Qe2 b6 10. Nxc6 Qc7 11. Ne5 Bd6 12. Bb5+ Kf8 13. d4 Bb7 14. 0-0 h6 15. Bf4 g5 16. Bg3 Ne4 17. Bd3 Nxg3 18. hxg3 Bxe5 19. dxe5 Qc6 20. f3 Rc8 21. Qe3 Qc5 22. Qxc5+ Rxc5 23. Rfe1 Ke7 24. Kf2 a5 25. f4 gxf4 26. gxf4 Rg8 27. g3 a4 28. b3 a3 29. c4 Rcc8 30. Rad1 Rcd8 31. Bc2 Bc6 32. Rxd8 Rxd8 33. Ke3 f6 34. Rd1 Rg8 35. exf6+ Kxf6 36. Kf2 Ke7 37. b4 h5 38. Bb3 h4 39. Rg1 h3 40. b5 Bb7 41. c5 bxc5 42. Re1 Rg6 43. f5 Rh6 44. Bxe6 Kf8 45. Bd7 h2 46. Bc6 Bxc6 47. bxc6 h1Q 48. Rxh1 Rxc6 49. Ke3 Rb6 50. Rc1 Rb5 51. Kd3 Rb2 52. Rxc5 Rxa2 53. Ra5 Rg2 54. Ke4 Rxg3 55. Ke5 Re3+ 56. Kf6 Ke8 57. Ra8+ Kd7 58. Ra7+ Kc6 59. Kf7 Kb6 60. Ra8 Kb7 61. Ra4 Kc7 62. f6 Kb6 63. Kf8 Kb5 64. Ra8 Kb4 65. f7 Rf3 66. Kg7 Rg3+ 67. Kf6 Rf3+ 68. Ke7 Kb3 69. Rb8+ Kc2 70. Rb6 Rxf7+ 71. Kxf7 a2 72. Rc6+ Kb2 73. Ra6 a1Q 74. Rxa1 Kxa1 1/2-1/2

[Event "Titled Tuesday intern op 09th Nov"]
[Site "Chess.com INT"]
[Date "2021.11.09"]
[Round "9"]
[White "Demeter, Dorina"]
[Black "Vrbljanac, Aleksandar"]
[Result "0-1"]
[WhiteElo "2054"]
[BlackElo "2280"]
[PlyCount "64"]
[EventDate "2021.11.09"]
[EventType "swiss (blitz)"]
[EventRounds "11"]
[EventCountry "USA"]
[SourceTitle "CBM 205 Extra"]
[Source "ChessBase"]
[SourceDate "2022.01.31"]
[SourceVersion "1"]
[SourceVersionDate "2022.01.31"]
[SourceQuality "1"]

1. d4 d5 2. c4 e6 3. Nc3 c6 4. Nf3 Nf6 5. Bg5 dxc4 6. e4 b5 7. e5 h6 8. Bh4 g5 9. Nxg5 hxg5 10. Bxg5 Nbd7 11. g3 Bb7 12. Bg2 Qb6 13. exf6 0-0-0 14. 0-0 c5 15. d5 b4 16. Na4 Qb5 17. dxe6 Bxg2 18. Kxg2 Ne5 19. Qe2 Qc6+ 20. f3 Qxe6 21. h4 Re8 22. Qe4 Qc6 23. Qf5+ Kb7 24. Rfe1 Bd6 25. Rad1 Nd3 26. Rxe8 Rxe8 27. b3 Re2+ 28. Kg1 cxb3 29. Qxd3 Rxa2 30. Qxd6 Qxd6 31. Rxd6 Rxa4 32. Rd1 b2 0-1

[Event "Titled Tuesday intern op 09th Nov"]
[Site "Chess.com INT"]
[Date "2021.11.09"]
[Round "7"]
[White "Vrbljanac, Aleksandar"]
[Black "Clawitter, Craig"]
[Result "0-1"]
[WhiteElo "2280"]
[BlackElo "2050"]
[PlyCount "112"]
[EventDate "2021.11.09"]
[EventType "swiss (blitz)"]
[EventRounds "11"]
[EventCountry "USA"]
[SourceTitle "CBM 205 Extra"]
[Source "ChessBase"]
[SourceDate "2022.01.31"]
[SourceVersion "1"]
[SourceVersionDate "2022.01.31"]
[SourceQuality "1"]

1. e4 e6 2. d4 d5 3. Nc3 Bb4 4. Nge2 dxe4 5. a3 Be7 6. Nxe4 Nf6 7. Nxf6+ Bxf6 8. Be3 0-0 9. Nf4 Nc6 10. c3 e5 11. dxe5 Bxe5 12. Be2 Re8 13. 0-0 Bf5 14. Bf3 Qf6 15. Nd5 Qg6 16. Qb3 Be4 17. Bxe4 Qxe4 18. Rad1 Rad8 19. Qxb7 Na5 20. Qb5 Nc4 21. Bxa7 Nxb2 22. Qxb2 Rxd5 23. Rde1 Bxh2+ 24. Kxh2 Rh5+ 25. Kg1 Qxe1 26. g3 Rh1+ 27. Kxh1 Qxf1+ 28. Kh2 h6 29. Qb7 Re1 30. Qg2 Qxg2+ 31. Kxg2 Ra1 32. Bc5 Ra2 33. Kf3 Kh7 34. Ke4 Kg6 35. f4 f5+ 36. Kd5 Rg2 37. Kc6 Rxg3 38. Bd4 h5 39. Kxc7 h4 40. a4 h3 41. Bf2 Rg2 42. Bb6 h2 43. a5 h1Q 44. a6 Ra2 45. a7 Rxa7+ 46. Bxa7 Qa8 47. Bb6 Qe4 48. c4 Qxc4+ 49. Kb8 Qxf4+ 50. Bc7 Qxc7+ 51. Kxc7 f4 52. Kd6 f3 53. Kd5 f2 54. Kd6 f1Q 55. Kd5 Qf4 56. Kc6 Kh5 0-1

[Event "Pancevo Gligoric Memorial"]
[Site "Pancevo"]
[Date "2021.06.20"]
[Round "5"]
[White "Vrbljanac, Aleksandar"]
[Black "Popchev, Milko"]
[Result "1/2-1/2"]
[WhiteElo "2321"]
[BlackElo "2235"]
[PlyCount "28"]
[EventDate "2021.06.17"]
[EventType "tourn"]
[EventRounds "9"]
[EventCountry "SRB"]
[EventCategory "2"]
[SourceTitle "CBM 203 Extra"]
[Source "ChessBase"]
[SourceDate "2021.09.30"]
[SourceVersion "1"]
[SourceVersionDate "2021.09.30"]
[SourceQuality "1"]

1. d4 d5 2. c4 c6 3. cxd5 cxd5 4. Nf3 Nc6 5. Nc3 Nf6 6. Bf4 a6 7. e3 Bg4 8. Be2 e6 9. 0-0 Be7 10. h3 Bxf3 11. Bxf3 0-0 12. Qd2 Rc8 13. Rfc1 Bd6 14. Bxd6 Qxd6 1/2-1/2